LEADER 01378nam a2200289 u 4500 001 000000120909 003 CaOOAMICUS 005 20100326104840.0 008 100326s1974 it u000 u ita r 040 $aPUL$bita$dMCT 100 1 $aLambruschini, Raffaello,$csac.,$d1788-1873.$0(OLS)http://pul/name/4218 245 10$aDell'autorita' e della liberta' :$bpensieri d'un solitario /$cRaffaello Lambruschini ; edizione critica completa a cura di Angiolo Gambaro. 260 $a[Firenze] :$bLa Nuova Italia,$cİ1974. 300 $aXII, 446 p. ;$c20 cm 490 1 $aStrumenti.$aRistampe anastatiche ;$v16 500 $aInclude indice. 500 $aRistampa anastatica dell'edizione La nuova Italia, 1932. 504 $aInclude riferimenti bibliografici in nota. 650 4$aAutorità.$0(OLS)http://pul/subject/9446 650 4$aLibertà.$0(OLS)http://pul/subject/40 700 1 $aGambaro, Angiolo,$d1883-$0(OLS)http://pul/name/3295 830 0$aStrumenti.$pRistampe anastatiche ;$v16.$0(OLS)http://pul/title/152072 850 $aPUL 852 $aPUL$W1$xDP1 Filosofia 1$y19$m586 C 28$j138648$qStampati$B137868$CPULBib$Z2$F137868 $H41190 $82 941 1 $a8 996 $6245$aDell'autorita' e della liberta' :$bpensieri d'un solitario$9(OLS)http://pul/title/152070 996 $6260$a[Firenze] :$bLa Nuova Italia$9(OLS)http://pul/publisher/51021 LEADER 01212nam a2200253 a 4500 001 000000127313 003 CaOOAMICUS 005 20120124141303.0 008 120124m20119999gw u000 u ger r 020 $a978-3-16-151683-2 (v. 2) 040 $aPUL$bita 100 1 $aLindemann, Andreas.$0(OLS)http://pul/name/2148 245 10$aGlauben, Handeln, Verstehen :$bStudien zur Auslegung des Neuen Testaments /$cAndreas Lindemann. 260 $aTübingen :$bMohr Siebeck,$cİ2011. 300 $av. ;$c24 cm 490 1 $aWissenschaftliche Untersuchungen zum Neuen Testament ;$v282 630 04$aBiblia.$pN.T.$xCritica e interpretazione.$0(OLS)http://pul/subject/1926 830 0$aWissenschaftliche Untersuchungen zum Neuen Testament ;$v282.$0(OLS)http://pul/title/8628 850 $aPUL 852 $aPUL$W1$xSL Religione 1$y3$m16 H 282$j147261$av. 2$qStampati$B145925$CPULBib$Z2$F145925 $H118728 $82 941 1 $a8 996 $6020$a978-3-16-151683-2 (v. 2)$9(OLS)http://pul/number/148652 996 $6245$aGlauben, Handeln, Verstehen :$bStudien zur Auslegung des Neuen Testaments$9(OLS)http://pul/title/160854 996 $6260$aTübingen :$bMohr Siebeck$9(OLS)http://pul/publisher/52004